Most Visited Countries 2023 (As Of June) - Statistics

General Stats
  • This quiz has been taken 47 times
  • The average score is 9 of 10
Answer Stats
Continent Country % Correct
Asia China
100%
Europe France
100%
Europe Italy
98%
North America United States of America
98%
Europe Germany
95%
North America Mexico
95%
Europe Spain
95%
Europe United Kingdom
93%
Asia Turkey
83%
Asia Thailand
81%
No matching quizzes found
Score Distribution
Percent of People with Each Score
Percentile by Number Answered
Your Score History
You have not taken this quiz